Statistics for WW2 Quiz

Click here to take the quiz!

General Stats

  • This quiz has been taken 66 times
    (38 since last reset)
  • The average score is 9 of 15

Answer Stats

HintAnswer% Correct
Name of the German dictator from 1934-1945Adolf Hitler
100%
Name of the first Japanese city nukedHiroshima
100%
Name of the Italian Fascist Dictator from 1925-1945Benito Mussolini
97%
Name of the German Air ForceLuftwaffe
97%
Name of the second Japanese city nukedNagasaki
97%
Name of the United States President from 1933-1945Franklin D. Roosevelt
93%
Name of the Emperor of JapanHirohito
90%
Name of the Russian ruler from 1922-1953Joseph Stalin
83%
How many United States Presidents served in WW2?8
45%
How many Americans served in WW2?16 million
31%
Name of the 5 beaches invaded on D-dayOmaha, Utah, Gold, Juno, Sword
28%
Name of the Chief of Naval OperationsAdmiral Chester W. Nimitz
17%
What was the name of the Major who lead Easy Company?Richard Winters
14%
Germany's last standBattle of Leipzig
10%
Largest Naval Battle of WW2The Battle of Leyte Gulf
3%

Score Distribution

Percentile by Number Answered

Percent of People with Each Score

Your Score History

You have not taken this quiz since the last reset